Statystyki dla Polska: Województwa

Kliknij tutaj aby rozwiązać quiz!

Ogólne statystyki

  • Ten quiz został rozwiązany 101 razy
  • Średni wynik to 14 z 16

Statystyki odpowiedzi

Województwo% Poprawnych
mazowieckie
98%
pomorskie
93%
lubelskie
87%
lubuskie
87%
podlaskie
87%
śląskie
87%
wielkopolskie
87%
dolnośląskie
86%
małopolskie
86%
opolskie
85%
zachodnio-pomorskie
85%
podkarpackie
82%
łódzkie
77%
kujawsko-pomorskie
76%
świętokrzyskie
76%
warmińsko-mazurskie
76%

Rozkład punktacji

Percentyl według liczby udzielonych odpowiedzi

Procent ludzi z każdym wynikiem

Twoja historia wyników

Nie rozwiązałeś tego quizu